中国地级行政区,但是回答其中一个字也算对(地图版) - Statistics

General Stats
  • This quiz has been taken 329 times
    315 since last reset
  • The average score is 252 of 333
Answers on the Map
Answers color-coded by a green-red scale on the quiz's map according to % correct below.
 
Answer Stats
省级行政区 地级行政区 % Correct
广西壮族自治区 北海市
97%
青海省 海北藏族自治州
97%
青海省 海南藏族自治州
97%
河南省 南阳市
96%
广西壮族自治区 南宁市
96%
贵州省 黔西南布依族苗族自治州
96%
贵州省 黔东南苗族侗族自治州
96%
西藏自治区 山南市
96%
甘肃省 甘南藏族自治州
96%
青海省 海西蒙古族藏族自治州
96%
江苏省 南京市
95%
江苏省 南通市
95%
安徽省 淮南市
95%
福建省 南平市
95%
江西省 南昌市
95%
山东省 济南市
95%
四川省 南充市
95%
贵州省 黔南布依族苗族自治州
95%
陕西省 渭南市
95%
甘肃省 陇南市
95%
青海省 西宁市
95%
青海省 黄南藏族自治州
95%
黑龙江省 鸡西市
94%
山东省 德州市
94%
湖南省 湘西土家族苗族自治州
94%
广东省 广州市
94%
云南省 西双版纳傣族自治州
94%
陕西省 西安市
94%
甘肃省 兰州市
94%
甘肃省 定西市
94%
青海省 海东市
94%
黑龙江省 大兴安岭地区
93%
浙江省 杭州市
93%
浙江省 台州市
93%
安徽省 淮北市
93%
山西省 忻州市
92%
江苏省 徐州市
92%
江苏省 常州市
92%
江苏省 苏州市
92%
江苏省 泰州市
92%
浙江省 湖州市
92%
福建省 福州市
92%
河南省 郑州市
92%
河南省 安阳市
92%
广东省 中山市
92%
四川省 达州市
92%
河北省 沧州市
91%
山西省 朔州市
91%
内蒙古自治区 乌海市
91%
辽宁省 丹东市
91%
辽宁省 锦州市
91%
江苏省 扬州市
91%
浙江省 温州市
91%
安徽省 宿州市
91%
福建省 泉州市
91%
福建省 漳州市
91%
江西省 赣州市
91%
江西省 抚州市
91%
山东省 东营市
91%
山东省 滨州市
91%
湖北省 鄂州市
91%
广东省 惠州市
91%
广东省 梅州市
91%
广东省 阳江市
91%
广东省 潮州市
91%
广西壮族自治区 柳州市
91%
广西壮族自治区 梧州市
91%
广西壮族自治区 钦州市
91%
广西壮族自治区 贺州市
91%
海南省 海口市
91%
海南省 儋州市
91%
四川省 泸州市
91%
四川省 德阳市
91%
宁夏回族自治区 石嘴山市
91%
黑龙江省 七台河市
90%
浙江省 衢州市
90%
安徽省 滁州市
90%
安徽省 亳州市
90%
安徽省 池州市
90%
湖北省 荆州市
90%
湖北省 随州市
90%
湖南省 郴州市
90%
湖南省 永州市
90%
广东省 东莞市
90%
云南省 保山市
90%
吉林省 白山市
89%
黑龙江省 大庆市
89%
安徽省 黄山市
89%
河南省 洛阳市
89%
河南省 平顶山市
89%
贵州省 贵阳市
89%
内蒙古自治区 阿拉善盟
88%
辽宁省 大连市
88%
黑龙江省 双鸭山市
88%
安徽省 马鞍山市
88%
山东省 威海市
88%
湖南省 衡阳市
88%
广东省 佛山市
88%
广东省 揭阳市
88%
四川省 乐山市
88%
河北省 张家口市
87%
山西省 大同市
87%
山西省 阳泉市
87%
内蒙古自治区 兴安盟
87%
辽宁省 沈阳市
87%
辽宁省 鞍山市
87%
辽宁省 辽阳市
87%
辽宁省 朝阳市
87%
黑龙江省 黑河市
87%
安徽省 阜阳市
87%
河南省 濮阳市
87%
河南省 三门峡市
87%
河南省 信阳市
87%
湖北省 襄阳市
87%
湖南省 邵阳市
87%
湖南省 岳阳市
87%
湖南省 益阳市
87%
广东省 珠海市
87%
广东省 江门市
87%
广东省 湛江市
87%
四川省 绵阳市
87%
四川省 内江市
87%
四川省 眉山市
87%
四川省 广安市
87%
四川省 资阳市
87%
四川省 凉山彝族自治州
87%
云南省 丽江市
87%
云南省 文山壮族苗族自治州
87%
云南省 大理白族自治州
87%
陕西省 咸阳市
87%
甘肃省 庆阳市
87%
河北省 唐山市
86%
黑龙江省 牡丹江市
86%
浙江省 舟山市
86%
安徽省 安庆市
86%
安徽省 六安市
86%
福建省 宁德市
86%
江西省 九江市
86%
江西省 吉安市
86%
云南省 怒江傈僳族自治州
86%
陕西省 延安市
86%
新疆维吾尔自治区 阿克苏地区
86%
新疆维吾尔自治区 阿勒泰地区
86%
吉林省 白城市
85%
江苏省 淮安市
85%
江苏省 镇江市
85%
山东省 泰安市
85%
河南省 漯河市
85%
广西壮族自治区 防城港市
85%
四川省 雅安市
85%
黑龙江省 哈尔滨市
84%
黑龙江省 齐齐哈尔市
84%
福建省 三明市
84%
广东省 河源市
84%
广西壮族自治区 河池市
84%
四川省 巴中市
84%
云南省 红河哈尼族彝族自治州
84%
西藏自治区 阿里地区
84%
新疆维吾尔自治区 博尔塔拉蒙古自治州
84%
四川省 阿坝藏族羌族自治州
83%
山西省 晋城市
82%
贵州省 安顺市
82%
陕西省 汉中市
82%
陕西省 安康市
82%
新疆维吾尔自治区 塔城地区
82%
内蒙古自治区 呼伦贝尔市
81%
吉林省 吉林市
81%
江苏省 盐城市
81%
山东省 济宁市
81%
广西壮族自治区 玉林市
81%
贵州省 六盘水市
81%
甘肃省 金昌市
81%
山西省 晋中市
80%
山西省 运城市
80%
陕西省 榆林市
80%
河北省 承德市
79%
内蒙古自治区 巴彦淖尔市
79%
吉林省 长春市
79%
山东省 聊城市
79%
广西壮族自治区 桂林市
79%
新疆维吾尔自治区 克拉玛依市
79%
内蒙古自治区 呼和浩特市
78%
安徽省 宣城市
78%
内蒙古自治区 锡林郭勒盟
77%
浙江省 宁波市
77%
江西省 景德镇市
77%
湖南省 常德市
77%
海南省 三沙市
77%
西藏自治区 林芝市
77%
甘肃省 天水市
77%
新疆维吾尔自治区 乌鲁木齐市
77%
湖北省 武汉市
76%
湖北省 咸宁市
76%
四川省 遂宁市
76%
宁夏回族自治区 中卫市
76%
河北省 石家庄市
75%
内蒙古自治区 鄂尔多斯市
75%
山东省 烟台市
75%
湖南省 张家界市
75%
海南省 三亚市
75%
西藏自治区 拉萨市
75%
西藏自治区 日喀则市
75%
河北省 衡水市
74%
内蒙古自治区 通辽市
74%
江苏省 连云港市
74%
浙江省 丽水市
74%
湖北省 宜昌市
74%
湖南省 长沙市
74%
云南省 德宏傣族景颇族自治州
74%
甘肃省 白银市
74%
宁夏回族自治区 银川市
74%
陕西省 铜川市
73%
河北省 邢台市
72%
山西省 太原市
72%
福建省 厦门市
72%
山东省 青岛市
72%
西藏自治区 昌都市
72%
甘肃省 武威市
71%
吉林省 四平市
70%
浙江省 金华市
70%
河北省 秦皇岛市
69%
山西省 长治市
69%
内蒙古自治区 包头市
69%
辽宁省 营口市
69%
吉林省 通化市
69%
江西省 宜春市
69%
湖北省 黄石市
69%
湖北省 荆门市
69%
云南省 昆明市
69%
新疆维吾尔自治区 哈密市
69%
新疆维吾尔自治区 昌吉回族自治州
69%
新疆维吾尔自治区 和田地区
69%
内蒙古自治区 乌兰察布市
68%
黑龙江省 伊春市
68%
浙江省 嘉兴市
68%
河南省 周口市
67%
甘肃省 酒泉市
67%
甘肃省 临夏回族自治州
67%
新疆维吾尔自治区 巴音郭楞蒙古自治州
67%
辽宁省 葫芦岛市
66%
浙江省 绍兴市
66%
安徽省 芜湖市
66%
山东省 日照市
65%
广东省 汕头市
65%
云南省 玉溪市
65%
云南省 昭通市
65%
云南省 临沧市
65%
甘肃省 张掖市
65%
黑龙江省 佳木斯市
64%
广东省 肇庆市
64%
四川省 成都市
64%
云南省 迪庆藏族自治州
64%
青海省 玉树藏族自治州
64%
吉林省 延边朝鲜族自治州
63%
山东省 临沂市
63%
广西壮族自治区 贵港市
63%
四川省 甘孜藏族自治州
63%
宁夏回族自治区 固原市
63%
山西省 临汾市
62%
内蒙古自治区 赤峰市
62%
吉林省 辽源市
62%
河南省 许昌市
62%
西藏自治区 那曲市
62%
甘肃省 嘉峪关市
62%
广东省 韶关市
61%
贵州省 铜仁市
61%
吉林省 松原市
60%
河北省 保定市
59%
辽宁省 阜新市
59%
江苏省 无锡市
59%
新疆维吾尔自治区 克孜勒苏柯尔克孜自治州
59%
安徽省 铜陵市
58%
湖北省 十堰市
58%
甘肃省 平凉市
58%
青海省 果洛藏族自治州
58%
河南省 新乡市
57%
江西省 新余市
56%
江西省 上饶市
56%
黑龙江省 鹤岗市
55%
陕西省 宝鸡市
55%
湖南省 怀化市
54%
陕西省 商洛市
54%
河北省 邯郸市
53%
黑龙江省 绥化市
53%
福建省 莆田市
53%
新疆维吾尔自治区 喀什地区
53%
辽宁省 铁岭市
52%
广东省 汕尾市
52%
广东省 云浮市
52%
四川省 广元市
52%
福建省 龙岩市
51%
新疆维吾尔自治区 伊犁哈萨克自治州
51%
河北省 廊坊市
50%
辽宁省 本溪市
50%
山东省 枣庄市
50%
山东省 潍坊市
50%
湖北省 黄冈市
50%
湖南省 株洲市
50%
贵州省 遵义市
50%
山东省 淄博市
49%
四川省 宜宾市
49%
云南省 曲靖市
49%
宁夏回族自治区 吴忠市
49%
河南省 鹤壁市
48%
广东省 深圳市
48%
广东省 清远市
48%
广西壮族自治区 百色市
48%
四川省 攀枝花市
48%
江苏省 宿迁市
47%
河南省 商丘市
47%
云南省 普洱市
47%
新疆维吾尔自治区 吐鲁番市
47%
山西省 吕梁市
45%
辽宁省 盘锦市
45%
辽宁省 抚顺市
44%
河南省 驻马店市
43%
湖北省 恩施土家族苗族自治州
42%
广西壮族自治区 崇左市
41%
贵州省 毕节市
41%
安徽省 合肥市
40%
湖南省 湘潭市
40%
广东省 茂名市
38%
四川省 自贡市
37%
江西省 萍乡市
36%
江西省 鹰潭市
36%
山东省 菏泽市
35%
云南省 楚雄彝族自治州
35%
广西壮族自治区 来宾市
34%
河南省 焦作市
32%
河南省 开封市
31%
安徽省 蚌埠市
30%
湖南省 娄底市
30%
湖北省 孝感市
26%
No matching quizzes found
Score Distribution
Percent of People with Each Score
Percentile by Number Answered
Your Score History
You have not taken this quiz since the last reset